A Nonsense Christmas - Sabrina Carpenter All Lyrics - Statistics

General Stats
  • This quiz has been taken 61 times
  • The average score is 256 of 350
Answer Stats
Answers % Correct
a
98%
I
95%
be
93%
no
93%
on
93%
the
93%
when
93%
Christmas
90%
you
90%
You
90%
and
88%
And
88%
to
88%
want
88%
"ho-ho-ho"
86%
"ho-ho-ho-ho"
86%
I'm
86%
in
86%
it
86%
It's
86%
it's
86%
me
86%
me,
86%
snow
86%
Think
86%
your
86%
like
83%
my
83%
Santa
83%
this
83%
so
81%
tree
81%
under
81%
I'll
79%
only
79%
Claus
76%
don't
76%
here
76%
mistletoe
76%
that
76%
Baby,
74%
out
74%
up,
74%
up
74%
You're
74%
you're
74%
about
71%
all
71%
been
71%
better
71%
contact
71%
for
71%
got
71%
might
71%
ol'
71%
stockings
71%
take
71%
change
69%
floor
69%
good
69%
"Has
69%
I've
69%
Look
69%
numb
69%
numb,
69%
of
69%
said
69%
sounds
69%
You'll
69%
at
67%
bad
67%
Boy,
67%
carol
67%
come
67%
comin'
67%
down
67%
feels
67%
girl,
67%
holiday
67%
know,
67%
list
67%
love
67%
Mrs.
67%
need
67%
North
67%
Pole"
67%
talkin'
67%
talkin',
67%
underneath
67%
chimney,
64%
even
64%
Here's
64%
Lookin'
64%
thinking
64%
wish
64%
big
62%
elves
62%
huge
62%
remix
62%
vixen
62%
warm
62%
wrote,
62%
wrote
62%
can
60%
Charles
60%
gettin'
60%
goes
60%
guess
60%
is
60%
ah
57%
Ah
57%
Ah-ah
57%
ah-ah-ah-ah
57%
How
57%
kissin'
57%
lil'
57%
opposite
57%
ride,
57%
Santa's
57%
stomach
57%
too
57%
we're
57%
coal,
55%
deckin'
55%
Dickens
55%
glee,
55%
halls,
55%
presents,
55%
Snowflakes
55%
that's
55%
those
55%
eggnog
52%
sack
52%
true
52%
quickly
50%
small,
50%
snowballs
50%
spikin'
50%
trimmin'
50%
caught
48%
fast
48%
gave
48%
snowman?
48%
thought
48%
build
45%
I'd
45%
morning,
45%
new
45%
ooh,
45%
Lemme
43%
Woke
43%
write
43%
package
40%
gift-wrap
38%
toy
38%
"Chrismash"
36%
chestnuts
24%
Blah-blah-blah-blah
17%
tounge
17%
nah-nah-nah
10%
No matching quizzes found
Score Distribution
Percent of People with Each Score
Percentile by Number Answered
Your Score History
You have not taken this quiz